| 000 | 00949nam a2200289Ia 4500 | ||
|---|---|---|---|
| 003 | OSt | ||
| 005 | 20221006153358.0 | ||
| 006 | a|||||r|||| 00| 0 | ||
| 007 | ta | ||
| 008 | 221006b |||||||| |||| 00| 0 eng d | ||
| 020 |
_a0674002407 _c¥7,350 |
||
| 024 | _a32,170 | ||
| 037 |
_bGift, Japan Foundation _cTextual |
||
| 040 |
_aEASL _cEASL _beng |
||
| 041 |
_2eng _aeng |
||
| 082 | _aY:Q4:4146.42.M68, P0 | ||
| 100 |
_aHUR Nam-lin _9663639 |
||
| 245 | 0 |
_aPrayer and play in late Tokugawa Japan _b Asakusa Sensoji and Edo society |
|
| 260 |
_aCambridge _bHarvard University Press _c2000 |
||
| 300 |
_a302p. _ccm. |
||
| 490 |
_v JEL _aHarvard east asian monographs 185 |
||
| 650 | _a JEL | ||
| 650 |
_a Recreation-religious aspects-buddhoism _9663640 |
||
| 650 |
_aBuddhism-social aspects-Japan _9663641 |
||
| 942 |
_hY:Q4:4146.42.M68, P0 _cTEXL _2CC |
||
| 999 |
_c1100256 _d1100256 |
||